| 000 | 00643nam a2200169 i 4500 | ||
|---|---|---|---|
| 001 | 153398 | ||
| 003 | ES-MaACL | ||
| 005 | 20250730063135.0 | ||
| 008 | 990728s1883 it |||| | ita d | ||
| 040 |
_aCCPB | B _bspa _cCCPB | B |
||
| 100 | 1 |
_aDe Rosa, Gabriele, _d1856?- _943074 |
|
| 245 | 1 | 0 |
_aElezioni politiche _b: commedia in tre atti / _cGabriele de Rosa. |
| 260 |
_aNapoli : _b[s.n.], _c1883 ( _fStab. Tipografico dell'Iride) |
||
| 300 |
_a59 p. ; _c17 cm. |
||
| 852 |
_aES-MaACL _jT-768-F-1 _z-- Enc. hol. conservando la cub. original _z-- Sello de G. de Rosa-Rullo _z-- Enc. en un vol. facticio |
||
| 999 |
_c153398 _d153398 |
||